000 00628nam a22001937a 4500
003 OSt
005 20251125133828.0
008 251125b |||||||| |||| 00| 0 eng d
020 _a 978-971-23-3705-5
040 _aDWC-Main lib
_cOC
082 _aFil. 418.211 S235s 2003
100 _aSantiago, Alfonso O.
245 _a Sining ng pagsasaling- wika ( sa Filipino mula sa Ingles)/
_cAlfonso O. Santiago
260 _aManila,
_b Rex Bookstore ,
_cc2003
300 _axvi, 265 pages :
_billustrations ;
_c25cm.
504 _aIncludes index
650 _a1. Translating and Interpreting
942 _2ddc
_cBK - FIL
_kFil.
_n0
999 _c6270
_d6270